Name the US President by his eyes - Statistics

General Stats
  • This quiz has been taken 83 times
  • The average score is 17 of 20
Answer Stats
Picture Answer % Correct
Lincoln
99%
Kennedy
97%
Obama
97%
Washington
97%
Bush
96%
Trump
96%
Nixon
95%
Carter
93%
Roosevelt
93%
Johnson
89%
Grant
85%
Eisenhower
82%
Jefferson
82%
Wilson
77%
Van Buren
73%
Taft
70%
Jackson
69%
Cleveland
65%
Harrison
61%
Garfield
49%
No matching quizzes found
Score Distribution
Percent of People with Each Score
Percentile by Number Answered
Your Score History
You have not taken this quiz